Introducción al estudio de grecia : historia, antigüedades y literatura /

Guardado en:
Autor Principal: Petrie, A.
Formato: Libro
Publicado: México : Fondo de Cultura Económica, 1972
Series:Breviarios, 121
Materias:
Etiquetas: Agregar Etiqueta
Sin Etiquetas, Sea el primero en etiquetar este registro!
LEADER 00631nam a22002055a 4500
001 CEM.cems005023
005 20060214000000.0
008 130507s1972##################000#0#####d
003 CEMS
082 0 4 |a 938 
100 1 |a Petrie, A. 
245 1 0 |a Introducción al estudio de grecia :  |b historia, antigüedades y literatura /  |c A. Petrie 
260 |a México :  |b Fondo de Cultura Económica,  |c 1972 
300 |a 180 p. 
490 0 |a Breviarios, 121 
653 |a Historia 
653 |a Historia antigua y medieval 
653 |a Historia de grecia 
653 |a Literatura griega 
859 |a CEMS  |b BIB. CEMS - 11 de abril  |h 938  |i P448  |p 7687.80  |t Ej.1